[Event "Open"]
[Site "Verona ITA"]
[Date "2006.01.02"]
[Round "1"]
[White "Rowson,J"]
[Black "Lettieri,G"]
[Result "1-0"]
[WhiteElo "2599"]
[BlackElo "2265"]

1.d4 Nf6 2.c4 e6 3.Nf3 b6 4.a3 Ba6 5.Qc2 c5 6.d5 exd5 7.cxd5 g6 8.Nc3 Bg7
9.g3 O-O 10.Bg2 d6 11.O-O Re8 12.Re1 Bb7 13.e4 Na6 14.Bf4 Nh5 15.Bg5 Qd7
16.h3 h6 17.Bd2 b5 18.Rad1 b4 19.Na2 Qb5 20.Bf1 Qb6 21.axb4 cxb4 22.Be3 b3
23.Qc4 Nc5 24.Bxc5 dxc5 25.Nc1 Bxb2 26.Nxb3 Ba6 27.Qxa6 Qxb3 28.Kg2 Nf6 29.e5 Ne4
30.Rd3 Qb4 31.Rde3 Nd2 32.Nxd2 Qxd2 33.Bc4 Bd4 34.R3e2 Qb4 35.d6 Qb6 36.Qa2 Rf8
37.Rb1 Qd8 38.Rb7 Qe8 39.Re7  1-0

[Event "10th Open"]
[Site "Bad Zwesten GER"]
[Date "2006.01.04"]
[Round "4"]
[White "Grooten,H"]
[Black "Shneider,A"]
[Result "0-1"]
[WhiteElo "2350"]
[BlackElo "2529"]

1.d4 Nf6 2.c4 e6 3.Nf3 b6 4.a3 Ba6 5.Qc2 Bb7 6.Nbd2 d5 7.cxd5 exd5 8.g3 Bd6
9.Bg2 O-O 10.O-O Re8 11.e3 c5 12.b3 Nbd7 13.Bb2 Rc8 14.dxc5 bxc5 15.Rad1 Bf8
16.Rfe1 Rc7 17.Qb1 Bc6 18.Qa1 Rb7 19.Ne5 Nxe5 20.Bxe5 Ng4 21.Bc3 Qc7 22.b4 cxb4
23.axb4 d4 24.Bxc6 Qxc6 25.exd4 Qf6 26.f3 Ne3 27.d5 Qd8 28.Qa4 Nxd1 29.Rxd1 Qb6+
30.Kh1 Re2 31.Ne4 Qe3 32.Rf1 Re7 33.b5 Qh6 34.h4 Qg6 35.Qc4 R7xe4 36.fxe4 Qg4
37.Qxe2 Qxe2 38.Rf4 Qd1+  0-1

[Event "10th Open"]
[Site "Bad Zwesten GER"]
[Date "2006.01.05"]
[Round "6"]
[White "Grooten,H"]
[Black "Bischoff,K"]
[Result "0-1"]
[WhiteElo "2350"]
[BlackElo "2555"]

1.d4 e6 2.c4 Nf6 3.Nf3 b6 4.a3 Ba6 5.Qc2 Bb7 6.Nbd2 d6 7.e4 Nbd7 8.g3 Be7
9.Bg2 O-O 10.O-O e5 11.d5 c6 12.b4 Qc7 13.Qb1 b5 14.dxc6 Bxc6 15.cxb5 Bxb5
16.Re1 Nb6 17.Bf1 a6 18.Bxb5 axb5 19.Qd3 Qd7 20.Nb3 h6 21.Be3 Nc4 22.Nbd2 Nb2
23.Qb3 Na4 24.Rac1 Rfc8 25.Qd3 Qb7 26.Nh4 Rc6 27.Nf5 Bf8 28.f3 Rac8 29.Rxc6 Rxc6
30.Nb1 h5 31.Bf2 g6 32.Ne3 Bh6 33.Nd5 Nxd5 34.Qxd5 Qa6 35.Kg2 Rc2 36.Qd3 Qc6
37.Re2 Rc1 38.Re1 Qc2 39.Qxc2 Rxc2 40.Kf1 Rb2 41.h4 Kf8 42.Rd1 Ke7 43.Ba7 Ke6
44.Bb8 Bf8 45.Rc1 Rb3 46.Kg2 f5 47.Rf1 Rb2+ 48.Kh3 Rc2 49.g4 hxg4+ 50.fxg4 f4
51.h5 Rc8 52.Ba7 Rc7 53.Bf2 Rh7 54.Kg2 gxh5 55.Rh1 Rg7 56.Rxh5 Rxg4+ 57.Kf3 Rg8
58.Nd2 Nc3 59.Rh1 Rg6 60.Rc1 Na4 61.Rc8 Be7 62.Rb8 Nc3 63.Rc8 Rh6 64.Kg2 Nd1
65.Nf3 Nxf2 66.Kxf2 Rh1 67.Rb8 Ra1 68.Rxb5 Ra2+ 69.Kf1 Rxa3 70.Nd2 Rd3 71.Ke2 Re3+
72.Kf1 Bh4 73.Rd5 f3 74.Rxd6+ Ke7 75.Kg1 Re1+  0-1

[Event "10th Open"]
[Site "Bad Zwesten GER"]
[Date "2006.01.05"]
[Round "6"]
[White "Kreiling,C"]
[Black "Poetsch,G"]
[Result "0-1"]
[WhiteElo "2156"]
[BlackElo "1996"]

1.d4 e6 2.c4 Nf6 3.Nf3 b6 4.a3 c5 5.d5 exd5 6.cxd5 d6 7.Nc3 g6 8.e4 Bg7 9.Be2 O-O
10.Nd2 Re8 11.O-O Ba6 12.Re1 Bxe2 13.Qxe2 Re7 14.Qd3 Nbd7 15.Nc4 Ng4 16.Bg5 Bd4
17.Bxe7 Bxf2+ 18.Kh1 Bxe1 19.Bxd8 Nf2+ 20.Kg1 Nxd3 21.Bc7 Nxb2 22.Rxe1 Nxc4
23.Nb5 a6 24.Nxd6 Nxd6 25.Bxd6 f6 26.g4 Ne5 27.Bxe5 fxe5 28.Rf1 Rf8 29.Rxf8+ Kxf8
30.Kf2 b5 31.g5 b4 32.axb4 cxb4 33.Ke2 a5 34.Kd3 b3 35.Kc3 a4 36.Kb2 Ke7
37.Kc3 Kd6 38.Kb2 Kc5 39.Kc3 Kb5 40.h3 Kc5 41.Kd2 Kb4 42.d6 b2 43.Kc2 Ka3
44.d7 Ka2 45.d8=Q b1=Q+ 46.Kc3 Qe1+ 47.Kc2 Qxe4+ 48.Kc1 Qc4+  0-1

[Event "Open"]
[Site "Verona ITA"]
[Date "2006.01.05"]
[Round "5"]
[White "Rowson,J"]
[Black "Brunello,S"]
[Result "1-0"]
[WhiteElo "2599"]
[BlackElo "2334"]

1.d4 Nf6 2.c4 e6 3.Nf3 b6 4.a3 Bb7 5.Nc3 d5 6.cxd5 Nxd5 7.e3 g6 8.Nxd5 Qxd5
9.Bd2 Bg7 10.Rc1 O-O 11.Rxc7 Bc6 12.Bb4 Re8 13.Ne5 a5 14.Be7 Na6 15.Rxc6 Bxe5
16.Rxb6 Bc7 17.Rb5 Qc6 18.Bf6 Bb6 19.Be2 Nc7 20.Re5 Nd5 21.Bf3 Qc4 22.Bxd5 exd5
23.b3 Qc3+ 24.Ke2 Qb2+ 25.Kf3 Qxa3 26.Rxd5 Bc7 27.Qc2 Ra6 28.Bh4 Bb8 29.Rb1 Qb4
30.Qc4 Qb7 31.Qb5 Qc8 32.Qd7 Qxd7 33.Rxd7 Rb6 34.Bd8 Rb5 35.Ra1 Rxb3 36.Rxa5 Rb2
37.h3 Bh2 38.g4 Re6 39.Bh4 Bg1 40.d5 Re8 41.Raa7  1-0

[Event "Keres Mem A"]
[Site "Tallin EST"]
[Date "2006.01.09"]
[Round "3"]
[White "Vitiugov,N"]
[Black "Steingrimsson,H"]
[Result "1-0"]
[WhiteElo "2573"]
[BlackElo "2439"]

1.d4 Nf6 2.c4 e6 3.Nf3 b6 4.a3 Bb7 5.Nc3 d5 6.cxd5 Nxd5 7.Bd2 Be7 8.Qc2 O-O
9.e4 Nxc3 10.Bxc3 c5 11.dxc5 bxc5 12.Rd1 Qc7 13.Bd3 Nd7 14.O-O Rfd8 15.Qe2 Rab8
16.Rc1 Bc6 17.Rfe1 h6 18.h3 a5 19.Bb1 Bd6 20.e5 Be7 21.Be4 a4 22.Rcd1 Nb6
23.Ba5 Bxe4 24.Qxe4 Rxd1 25.Rxd1 Qa7 26.Bxb6 Rxb6 27.Rd2 g6 28.h4 h5 29.g3 Kg7
30.Kg2 Qb7 31.Qxb7 Rxb7 32.Ng1 f6 33.Ne2 fxe5 34.Nc3 Ra7 35.Re2 e4 36.Rxe4 Bf6
37.Rxa4 Rb7 38.Ne4 Bd4 39.b4 c4 40.b5 Rxb5 41.Rxc4 e5 42.Rc7+ Kg8 43.Rc6 Kg7
44.Ra6 Rb2 45.a4 Ra2 46.Ra8 Kf7 47.Ra6 Kg7 48.a5 Kf7 49.Kf1 Kg7 50.Ra8 Ra1+
51.Ke2 Ra2+ 52.Kf3 Ra3+ 53.Kg2 Ra2 54.a6 Kh6 55.Kf1 Kg7 56.f3 Ra3 57.Ng5 Be3
58.Ne6+ Kf7 59.Nd8+ Ke7 60.a7 Rc3 61.Nc6+ Rxc6 62.Re8+ Kxe8 63.a8=Q+ Kd7
64.Qb7+ Kd6 65.Qf7 Kc5 66.Ke2 Bd4 67.Kd3 Bf2 68.Qc4+ Kd6 69.Qe4 Kd7 70.Qxe5 Rd6+
71.Kc4 Rc6+ 72.Kd3 Rd6+ 73.Ke2 Bd4 74.Qg5 Ke8 75.f4 Re6+ 76.Kd3 Be3 77.Qb5+ Kf7
78.f5 Re7 79.Qd5+ Kg7 80.Qd6  1-0

[Event "63rd ch-GEO w"]
[Site "Tbilisi GEO"]
[Date "2006.01.11"]
[Round "3"]
[White "Javakhishvili,L"]
[Black "Dzagnidze,N"]
[Result "1/2-1/2"]
[WhiteElo "2444"]
[BlackElo "2452"]

1.d4 Nf6 2.c4 e6 3.Nf3 b6 4.a3 Ba6 5.Qc2 Bb7 6.Nc3 c5 7.dxc5 bxc5 8.Bf4 Nh5
9.Bg3 Be7 10.e3 Nc6 11.Be2 a6 12.Rd1 Nxg3 13.hxg3 h6 14.Rd2 Qc7 15.O-O O-O
16.Rfd1 d6 17.g4 Na5 18.Na2 Rfc8 19.Rc1 Nc6 20.Qd1 Nb8 21.Bd3 Nd7 22.Nc3 Rab8
23.Bb1 Bc6 24.Qc2 Nf8 25.Na2 Qb7 26.Ne1 Qa8 27.Qd1 Rb6 28.Qe2 Rcb8 29.Nf3 a5
30.Nc3 Qb7 31.Nd1 Bf6 32.Bc2 a4 33.Ne1 Qc7 34.Nd3 Nd7 35.Nf4 Kf8 36.Qd3 Ke7
37.Nh5 Ne5 38.Qe2 Nd7 39.Nxf6 gxf6 40.Bd3 Qb7 41.f3 Ne5 42.Kf2 Rg8 43.e4 Bd7
44.Rb1 Rb8 45.Qf1 Qc8 46.Qh1 Rb3 47.Be2 Rxa3 48.Qxh6 Rab3 49.g5 fxg5 50.Qxg5+ f6
51.Qg7+ Nf7 52.Ra1 Qg8 53.Qxg8 Rxg8 54.Nc3 Rb4 55.Na2 Rb7 56.Nc3 Rb4 57.Na2 Rb3
58.Nc3 Ra8 59.Bd1 Rb4 60.b3 Ne5 61.Rda2 Rh8 62.Nxa4 Rh1 63.Nc3 Rb8 64.Bc2 Rh2
65.Nd1 Nc6 66.Ne3 Nd4 67.Bd1 Rhh8 68.Ra7 Nc6 69.R7a3 Rb7 70.Ra8 Rhb8 71.Rxb8 Rxb8
72.Ke2 Kd8 73.Kd2 Kc7 74.Kc3 Rh8 75.Bc2 Kb7 76.Bd3 Kb6 77.Nc2 Rg8 78.Bf1 Rh8
79.b4 cxb4+ 80.Nxb4 Nxb4 81.Kxb4 Rh1 82.Rd1 Kc7 83.c5 dxc5+ 84.Kxc5 Bc8 85.Be2 Rh5+
86.Kd4 Rh2 87.Rc1+ Kd7 88.Rg1 e5+ 89.Ke3 Ke7 90.g3 Rh8 91.Rb1 Rd8 92.Bc4 Rd4
93.Bd3 Ra4 94.Rb3 Ba6 95.Bxa6 Rxa6 96.f4 exf4+ 97.Kxf4 Ke6 98.g4 Rc6 99.Rb8 Ra6
100.Rb5 Rc6 101.g5 fxg5+ 102.Rxg5 Rc1 103.Rg6+ Kf7 104.Ra6 Rc5 105.e5 Rc1  1/2-1/2

[Event "63rd ch-GEO w"]
[Site "Tbilisi GEO"]
[Date "2006.01.12"]
[Round "4"]
[White "Javakhishvili,L"]
[Black "Matnadze,A"]
[Result "1-0"]
[WhiteElo "2444"]
[BlackElo "2408"]

1.d4 Nf6 2.c4 e6 3.Nf3 b6 4.a3 Bb7 5.Nc3 g6 6.Qc2 Bg7 7.e4 O-O 8.Bg5 h6 9.Be3 d6
10.h3 Nfd7 11.Bd3 Qe7 12.Qd2 g5 13.h4 g4 14.Ng1 c5 15.d5 Ne5 16.Be2 Kh7 17.f4 gxf3
18.gxf3 b5 19.cxb5 c4 20.f4 Nd3+ 21.Bxd3 cxd3 22.Qxd3 f5 23.Nge2 Nd7 24.O-O-O exd5
25.exd5 Nc5 26.Bxc5 dxc5 27.Rh3 Rad8 28.h5 Qf7 29.Qc4 Rfe8 30.Kb1 Qf6 31.Rd2 a6
32.Qxc5 axb5 33.Nd4 Rc8 34.Qxb5 Ba6 35.Qd7 Rcd8 36.Qc6 Re1+ 37.Kc2 Rd6 38.Qc5 Re8
39.Rg3 Bf8 40.Rg6 Qe7 41.Nxf5 Rxd5 42.Qxd5  1-0

[Event "Keres Mem Women"]
[Site "Tallin EST"]
[Date "2006.01.13"]
[Round "9"]
[White "Tsiganova,M"]
[Black "Batyte,D"]
[Result "1/2-1/2"]
[WhiteElo "2282"]
[BlackElo "2162"]

1.d4 Nf6 2.c4 e6 3.Nf3 b6 4.a3 Bb7 5.Nc3 Ne4 6.d5 Nxc3 7.bxc3 Qf6 8.Qd3 h6
9.e4 e5 10.Be3 Na6 11.Be2 Bc5 12.Bc1 Bd6 13.O-O Nc5 14.Qc2 O-O 15.Be3 Qe7
16.g3 g5 17.Nd2 f6 18.Bg4 Kg7 19.Qd1 c6 20.Bf5 Rh8 21.Qh5 Qf7 22.Qxf7+ Kxf7
23.Bxc5 Bxc5 24.Bxd7 Ke7 25.dxc6 Rad8 26.Nb3 Bd6 27.Rfd1 Ba6 28.c5 bxc5 29.Rd2 c4
30.Na5 Bc7 31.Rd5 Rb8 32.a4 Rhd8 33.Rad1 Rb2 34.Bg4 Bxa5 35.Rd7+ Rxd7 36.Rxd7+ Kf8
37.Rxa7 Rb6 38.c7 Rb1+ 39.Kg2 Bxc7 40.Rxc7 Bb7 41.Bf5 h5 42.h3 Ke8 43.Rxc4 Ba6
44.Rc6 Bf1+ 45.Kh2 Be2 46.Kg2 Bf1+ 47.Kf3 Rd1 48.Rc8+ Ke7 49.Rc7+ Kd8 50.Rc8+ Ke7  1/2-1/2

[Event "TCh-CZE Extraliga 2005-6"]
[Site "Czech Rep CZE"]
[Date "2006.01.14"]
[Round "7"]
[White "Markos,J"]
[Black "Babula,V"]
[Result "1-0"]
[WhiteElo "2493"]
[BlackElo "2585"]

1.d4 Nf6 2.c4 e6 3.Nf3 b6 4.a3 Ba6 5.Qc2 Bb7 6.Nc3 c5 7.e4 cxd4 8.Nxd4 Bc5
9.Nb3 Nc6 10.Bg5 Nd4 11.Nxd4 Bxd4 12.Nb5 Be5 13.f4 Bb8 14.e5 h6 15.Bxf6 gxf6
16.Nd6+ Bxd6 17.exd6 f5 18.Qc3 Rg8 19.O-O-O Rc8 20.h4 Kf8 21.Kb1 Rg7 22.Be2 Kg8
23.Bf3 Bc6 24.Bxc6 Rxc6 25.Rd2 f6 26.Rc1 Kf7 27.g3 Qg8 28.Rd3 Qa8 29.Qd4 Rg8
30.h5 Rgc8 31.g4 Rc5 32.b4 e5 33.fxe5 fxe5 34.Qe3 Rxc4 35.Rxc4 Rxc4 36.Qxh6 Qe4
37.Qh7+ Kf8 38.Qh8+ Kf7 39.Qh7+ Kf8 40.Qe7+ Kg8 41.Qd8+ Kh7 42.Qxd7+ Kh8
43.Qe8+ Kh7 44.Qf7+ Kh8 45.Qf8+ Kh7 46.Qxf5+  1-0

[Event "Open"]
[Site "Zagreb CRO"]
[Date "2006.01.14"]
[Round "1"]
[White "Gujic,V"]
[Black "Jakovljevic,Vlado"]
[Result "0-1"]
[WhiteElo "2078"]
[BlackElo "2385"]

1.d4 Nf6 2.c4 e6 3.Nf3 b6 4.a3 Ba6 5.Qc2 Bb7 6.Nc3 c5 7.e4 cxd4 8.Nxd4 Bc5
9.Nb3 Nc6 10.Bf4 e5 11.Bg5 h6 12.Bh4 g5 13.Bg3 Nh5 14.O-O-O a6 15.Bd3 Nf4
16.Bxf4 exf4 17.Qe2 Ne5 18.Nxc5 bxc5 19.Bc2 Qf6 20.Ba4 Ke7 21.f3 h5 22.Qd2 Qe6
23.Nd5+ Bxd5 24.cxd5 Qd6 25.h3 Rab8 26.Qc3 Rb6 27.h4 f6 28.hxg5 fxg5 29.Rd2 c4
30.Kb1 Kf6 31.Ka2 Qc5 32.d6 Rxd6 33.Rhd1 Rxd2 34.Rxd2 d6 35.Rd5 Qb6 36.Qd2 Ke6
37.Rxe5+ dxe5 38.Qd7+ Kf6 39.Qf5+ Kg7 40.Qxg5+ Qg6 41.Qxe5+ Qf6 42.Qc7+ Kh6
43.e5 Qe6 44.Bc2 Rc8 45.Qh7+ Kg5 46.Qg7+ Kh4 47.Kb1 Rc5 48.Qf6+ Qxf6 49.exf6 Rc6
50.f7 Rf6 51.Bg6 Kg5 52.Be4 Rxf7 53.Bd5 Rc7 54.Kc2 Kh4 55.Be6 Kg3 56.Bh3 Re7
57.Kd2 Re3 58.Bc8 Kxg2 59.Bxa6 h4 60.Bc8 h3 61.Bxh3+ Kxh3 62.a4 Rxf3 63.a5 Rb3
64.Kc2 f3  0-1

[Event "4th Parsvnath Open"]
[Site "New Delhi IND"]
[Date "2006.01.19"]
[Round "7"]
[White "Abdulla,AlR"]
[Black "Shetty,R"]
[Result "1-0"]
[WhiteElo "2477"]
[BlackElo "2350"]

1.d4 Nf6 2.c4 e6 3.Nf3 b6 4.a3 Bb7 5.Nc3 d5 6.Qa4+ c6 7.cxd5 exd5 8.Bg5 Be7
9.e3 O-O 10.Bd3 Nbd7 11.Ne5 Nxe5 12.dxe5 Nd7 13.Qh4  1-0

[Event "Classic"]
[Site "Queenstown NZL"]
[Date "2006.01.22"]
[Round "8"]
[White "Caoili,A"]
[Black "Yachou,N"]
[Result "1-0"]
[WhiteElo "2207"]
[BlackElo "2016"]

1.d4 Nf6 2.Nf3 e6 3.c4 b6 4.a3 Bb7 5.Nc3 Be7 6.Qc2 c5 7.e4 cxd4 8.Nxd4 d6
9.f3 a6 10.Be3 Nbd7 11.Be2 Qc7 12.Qd2 Rc8 13.Rc1 O-O 14.O-O Qb8 15.Rfd1 Bd8
16.Nc2 Bc7 17.Bf4 Ne5 18.Bxe5 dxe5 19.b4 Nh5 20.Na1 f5 21.Nb3 Rcd8 22.Qc2 Rd4
23.Bd3 Rf6 24.Ne2 Rg6 25.Kh1 Rh6 26.c5 Qd8 27.cxb6 Bxb6 28.Nbxd4 Bxd4 29.Nxd4 Qxd4
30.h3 fxe4 31.Bxe4 Qe3 32.Bxb7 Ng3+ 33.Kh2 Ne2 34.Qc8+ Kf7 35.Rc7+ Kf6 36.Qd8+  1-0

[Event "Gibtelecom Masters"]
[Site "Gibraltar ENG"]
[Date "2006.01.24"]
[Round "1"]
[White "Grooten,H"]
[Black "Agrest,E"]
[Result "1/2-1/2"]
[WhiteElo "2365"]
[BlackElo "2591"]

1.d4 Nf6 2.c4 e6 3.Nf3 b6 4.a3 Ba6 5.Qc2 Bb7 6.Nbd2 d5 7.cxd5 exd5 8.Ne5 Bd6
9.Qa4+ c6 10.Ndf3 Ne4 11.g3 O-O 12.Bh3 Ba6 13.Nd3 c5 14.Bf4 Bxd3 15.exd3 Bxf4
16.dxe4 dxe4 17.Ne5 Bxe5 18.dxe5 Qd5 19.Bg2 Qxe5 20.Qxe4 Qxb2 21.Qb1 Qe5+
22.Kf1 Nd7 23.Bxa8 Rxa8 24.Qd1 Nf8 25.Kg2 Ne6 26.Re1 Qf6 27.Qd7 h5 28.Rad1 h4
29.Qb7 Rf8 30.Rd7 h3+ 31.Kxh3 Qxf2 32.Re5 Nd4 33.Qg2 Qf6 34.Qd5 Qf1+ 35.Qg2 Qf6
36.Qd5 Qf1+ 37.Qg2 Qf6 38.Qd5 Qf1+  1/2-1/2

[Event "Gibtelecom Masters"]
[Site "Gibraltar ENG"]
[Date "2006.01.25"]
[Round "2"]
[White "Cmilyte,V"]
[Black "Spraggett,K"]
[Result "1/2-1/2"]
[WhiteElo "2475"]
[BlackElo "2581"]

1.d4 Nf6 2.c4 e6 3.Nf3 b6 4.a3 Bb7 5.Nc3 d5 6.cxd5 exd5 7.g3 Be7 8.Bh3 O-O
9.O-O c5 10.Qc2 Na6 11.Bf4 Re8 12.Rad1 h6 13.Be5 c4 14.Nh4 Nc7 15.Nf5 a6
16.Bg2 b5 17.Rfe1 Rc8 18.Nxe7+ Qxe7 19.Bxf6 Qxf6 20.e4 dxe4 21.d5 Rcd8 22.Bxe4 Qb6
23.Bg2 Rxe1+ 24.Rxe1 Ne8 25.Qf5  1/2-1/2

[Event "Gibtelecom Masters"]
[Site "Gibraltar ENG"]
[Date "2006.01.28"]
[Round "5"]
[White "Grooten,H"]
[Black "Wells,P"]
[Result "0-1"]
[WhiteElo "2365"]
[BlackElo "2501"]

1.d4 Nf6 2.c4 e6 3.Nf3 b6 4.a3 Bb7 5.Nc3 d5 6.Bg5 Be7 7.Qa4+ Qd7 8.Qc2 dxc4
9.e4 b5 10.Rd1 a6 11.Ne5 Qc8 12.Be2 O-O 13.f4 h6 14.h4 Nbd7 15.Rh3 c5 16.Nxd7 Qxd7
17.dxc5 Qc6 18.Bf3 Qxc5 19.Kf1 Rfd8 20.Re1 e5 21.f5 hxg5 22.hxg5 Nh7 23.g6 fxg6
24.fxg6 Ng5 25.Bg4 Bc8 26.Bf5 Rf8 27.Rh5 Nxe4 28.Nxe4 Bxf5 29.Rxf5 Rxf5+
30.Ke2 Qc6 31.g4 Rf4 32.Kd1 Qxg6 33.Kc1 Raf8  0-1

[Event "11th HIT Open A"]
[Site "Nova Gorica SLO"]
[Date "2006.01.28"]
[Round "4"]
[White "Jovanic,O"]
[Black "Kovacevic,A"]
[Result "1/2-1/2"]
[WhiteElo "2477"]
[BlackElo "2535"]

1.d4 Nf6 2.c4 e6 3.Nf3 b6 4.a3 Bb7 5.Nc3 d5 6.cxd5 Nxd5 7.Qc2 Be7 8.e4 Nxc3
9.bxc3 O-O 10.Bd3 c5 11.O-O cxd4 12.cxd4 Qc8 13.Qa2 Ba6 14.Bxa6 Nxa6 15.Rd1 Qb7
16.Qe2 Rfd8 17.Bb2 Rac8 18.h4 Nc7 19.h5 h6 20.Ne5 Ne8 21.Rd3 Nf6 22.Re1 Qa6
23.Red1 Qb5 24.R1d2 Rc7 25.Qf3 Bd6 26.Ng4 Nxg4 27.Qxg4 Rc2 28.Rxc2 Qxd3 29.Qe2 Qxe2
30.Rxe2 Rc8 31.Kf1 Rc4 32.Ke1 f6 33.g3 Kf7 34.Kd2 Ra4 35.Re3 Ra5 36.e5 fxe5
37.dxe5 Bc5 38.Rd3 Ke7 39.f4 Ra4 40.Ke2 Re4+ 41.Kf3 Rc4 42.Rd2 Ke8 43.Kg4 Re4
44.Rd3 Rc4 45.Ba1 Rc2 46.Bd4 Be7 47.Rb3 Rc4 48.Be3 Ra4 49.Bc1 Bc5 50.Rd3 Re4
51.Bd2 Ra4 52.Bc1 Re4 53.Bd2 Ra4 54.Bc1 Re4  1/2-1/2

[Event "11th HIT Open A"]
[Site "Nova Gorica SLO"]
[Date "2006.01.30"]
[Round "7"]
[White "Saric,A"]
[Black "Jovanic,O"]
[Result "1/2-1/2"]
[WhiteElo "2455"]
[BlackElo "2477"]

1.d4 Nf6 2.c4 e6 3.Nf3 b6 4.a3 Bb7 5.Nc3 d5 6.cxd5 Nxd5 7.Qc2 Nxc3 8.Qxc3 Nd7
9.Bg5 Be7 10.Bxe7 Kxe7 11.g3 Nf6 12.Bg2 Qd6 13.O-O Rhc8 14.b4 c5 15.dxc5 bxc5
16.Rfd1 cxb4 17.Qxb4 Qxb4 18.axb4 a6 19.Ne5 Bxg2 20.Kxg2 Nd5 21.Rd4 f6 22.Nd3 Rc6
23.b5 Rb6 24.Rc1 f5 25.bxa6  1/2-1/2

[Event "ch-Serbia"]
[Site "Vrnjacka Banja SCG"]
[Date "2006.02.01"]
[Round "4"]
[White "Nestorovic,De"]
[Black "Bojovic,D"]
[Result "1/2-1/2"]
[WhiteElo "2399"]
[BlackElo "2116"]

1.d4 Nf6 2.c4 e6 3.Nf3 b6 4.a3 Ba6 5.Qb3 c5 6.d5 exd5 7.cxd5 d6 8.Nc3 Be7
9.g3 Qc8 10.Bg2 O-O 11.O-O Nbd7 12.h3 b5 13.Nxb5 c4 14.Qa4 Nxd5 15.Nfd4 N7b6
16.Qa5 Bb7 17.e4 Nf6 18.Nf5 Qd7 19.Nxe7+ Qxe7 20.Nxd6 Bxe4 21.Nxe4 Nxe4 22.Re1 f5
23.Be3 Qf6 24.Qb5 Rac8 25.Rac1 Qc6 26.Qxc6 Rxc6 27.Rc2 Re8 28.Rec1 Rec8 29.Bd4 h6
30.Re1 Re6 31.Rce2 Rce8 32.Bf1 Kf7 33.Kg2 g5 34.Re3 Nd6 35.Rd1 Rxe3 36.Bxe3 Ke6
37.Bc5 Rd8 38.Rc1 Kd5 39.Bb4 Na4 40.Rd1+ Kc6 41.Rd2 Nb7 42.Rc2 Kb6 43.Bxc4 Rc8
44.b3 Nac5 45.Rd2 a5 46.Bxc5+ Nxc5 47.Rd6+ Rc6 48.Rxc6+ Kxc6 49.Kf3 Nb7 50.Bd3 Nd6
51.Ke3 Kd5 52.b4 axb4 53.axb4 Ke5 54.f4+ gxf4+ 55.gxf4+ Kd5 56.h4 Ne8 57.Bxf5 Kc4
58.b5 Nd6 59.Bd7 Kd5 60.Kd3 Kc5 61.Kc3 Ne4+ 62.Kd3 Nd6 63.Ke3 Kd5 64.Kf3 h5
65.Ke3 Nc4+ 66.Kd3 Nd6 67.Kc3 Nxb5+ 68.Kd3 Nd6 69.Ke3 Nc4+ 70.Kf3 Ne5+  1/2-1/2

[Event "Open"]
[Site "Moscow RUS"]
[Date "2006.02.03"]
[Round "6"]
[White "Tihonov,J"]
[Black "Najer,E"]
[Result "0-1"]
[WhiteElo "2492"]
[BlackElo "2652"]

1.d4 Nf6 2.c4 e6 3.Nf3 b6 4.a3 c5 5.d5 Ba6 6.Qc2 exd5 7.cxd5 g6 8.Nc3 Bg7
9.g3 O-O 10.Bg2 d6 11.O-O Re8 12.Re1 Nbd7 13.h3 b5 14.e4 Qc8 15.Bf1 b4 16.Nb5 Qb8
17.Nc7 b3 18.Qd1 Qxc7 19.Bxa6 c4 20.Be3 Nxe4 21.Bd4 c3 22.Bxg7 Kxg7 23.bxc3 Qxc3
24.Bb5 Qc5 25.Qd4+ Qxd4 26.Nxd4 Nc3 27.Bxd7 Rxe1+ 28.Rxe1 b2 29.Nb5 b1=Q
30.Rxb1 Nxb1 31.Bc6 Rd8 32.a4 a6 33.Nc7 a5 34.f4 Nc3 35.Kf2 Ne4+ 36.Kf3 Nc5
37.Ke3 Kf8 38.Kd4 Ke7 39.g4 Rb8 40.Bb5 Rb7  0-1

[Event "TCh-NED 2005-6"]
[Site "Netherlands NED"]
[Date "2006.02.04"]
[Round "6"]
[White "Grooten,H"]
[Black "Spoelman,W"]
[Result "1-0"]
[WhiteElo "2365"]
[BlackElo "2376"]

1.d4 Nf6 2.c4 e6 3.Nf3 b6 4.a3 Ba6 5.Qc2 Bb7 6.Nbd2 c5 7.e4 cxd4 8.e5 Nh5
9.Nxd4 d6 10.Be2 Nf4 11.Bf3 Bxf3 12.N2xf3 Nxg2+ 13.Kf1 dxe5 14.Qe4 Nd7 15.Bg5 Qc8
16.Nb5 Rb8 17.Kxg2 f5 18.Qe2 a6 19.Nc3 h6 20.Bf4 exf4 21.Qxe6+ Kd8 22.Rad1 Qb7
23.Rhe1 Bc5 24.b4  1-0

[Event "Open"]
[Site "Moscow RUS"]
[Date "2006.02.06"]
[Round "9"]
[White "Zabotin,A"]
[Black "Riazantsev,A"]
[Result "1/2-1/2"]
[WhiteElo "2418"]
[BlackElo "2594"]

1.d4 Nf6 2.c4 e6 3.Nf3 b6 4.a3 Bb7 5.Nc3 d5 6.cxd5 Nxd5 7.Qc2 c5 8.e4 Nxc3
9.bxc3 Nd7 10.Bd3 Qc7 11.Qb1 g6 12.O-O Bg7 13.Be3 O-O 14.e5 Bd5 15.Be4 Qb7
16.Bxd5 Qxd5 17.Qc1 cxd4 18.cxd4 Rac8 19.Qd2 Rc4 20.Bh6 Rfc8 21.Rfc1 Qa5
22.Qf4  1/2-1/2

[Event "ch-CUB sf"]
[Site "Santa Clara CUB"]
[Date "2006.02.10"]
[Round "6"]
[White "Almeida,O"]
[Black "Gonzalez,Y"]
[Result "1/2-1/2"]
[WhiteElo "2454"]
[BlackElo "2511"]

1.d4 Nf6 2.Nf3 e6 3.c4 b6 4.a3 Ba6 5.Qc2 Bb7 6.Nc3 c5 7.e4 cxd4 8.Nxd4 Bc5
9.Nb3 Nc6 10.Bg5 h6 11.Bh4 Nd4 12.Nxd4 Bxd4 13.Bd3 Qb8 14.Bg3 Be5 15.O-O-O O-O
16.Rhe1 d6 17.Bxe5 dxe5 18.Be2 Rc8 19.f3 a6 20.b4 Qc7 21.Rd2 Rd8 22.Red1 Rd4  1/2-1/2

[Event "ch-CZE"]
[Site "Brno CZE"]
[Date "2006.02.14"]
[Round "8"]
[White "Voloshin,L"]
[Black "Bernasek,J"]
[Result "1/2-1/2"]
[WhiteElo "2466"]
[BlackElo "2446"]

1.Nf3 Nf6 2.c4 b6 3.d4 e6 4.a3 Bb7 5.Nc3 Be7 6.d5 O-O 7.e4 d6 8.Bd3 exd5
9.cxd5 c6 10.dxc6 Nxc6 11.Bf4 Ng4 12.O-O Nge5 13.Be2 Bf6 14.Rc1 Nxf3+ 15.Bxf3 Bxc3
16.Rxc3 Ne5 17.Bxe5 dxe5 18.Qxd8 Rfxd8 19.Rc7 Bc8 20.h3 Kf8 21.Rd1 Rxd1+
22.Bxd1 Be6 23.Bg4 Bxg4 24.hxg4 Rd8 25.f3 Rd1+ 26.Kh2 Rd3 27.Rxa7 Rb3 28.g5 Rxb2
29.a4 Ra2 30.Ra6 Rb2 31.a5 bxa5 32.Ra8+ Ke7 33.Rxa5 Ke6 34.Ra8 Rb7 35.Re8+ Re7
36.Rh8 f5 37.gxf6 gxf6 38.Kh3 Rg7 39.g3 Kf7 40.Ra8 Kg6 41.Ra6 Rb7  1/2-1/2

[Event "Premier"]
[Site "Portsmouth ENG"]
[Date "2006.02.18"]
[Round "2"]
[White "Lock,G"]
[Black "Ilett,R"]
[Result "1-0"]
[WhiteElo "2190"]
[BlackElo "1916"]

1.Nf3 Nf6 2.c4 b6 3.d4 e6 4.a3 Bb7 5.Nc3 Ne4 6.Nxe4 Bxe4 7.e3 Be7 8.Be2 O-O
9.O-O d5 10.b3 c5 11.Bb2 Bf6 12.Qd2 cxd4 13.exd4 Nc6 14.Ne5 Rc8 15.Qe3 Qd6
16.Rac1 Rfe8 17.b4 Bg6 18.c5 bxc5 19.Rxc5 Bxe5 20.dxe5 Qd8 21.Bb5 d4 22.Qd2 Be4
23.Rfc1 Qb6 24.Qf4 Bd5 25.Bxd4 Qb7 26.Bf1 Ne7 27.Rxc8 Rxc8 28.Rxc8+ Nxc8
29.Qc1 Ne7 30.Qc5 Nc6 31.Bc3 h6 32.b5 Ne7 33.a4 Ng6 34.Qd4 Qc7 35.a5 Nf4
36.b6 axb6 37.axb6 Qc6 38.g3 Ng6 39.h4 Ne7 40.Bd2 Nf5 41.Qb4 Bh1 42.Qb5 Qb7
43.Qa6 Qd5 44.Bc3 Be4 45.Qc4 Qb7 46.Qc7 Qd5 47.Qc8+ Kh7 48.Qc4 Qb7 49.Qc7 Qd5
50.Qc4 Qb7 51.Kh2 Bf3 52.Qc7 Qd5 53.Qxf7 Qc5 54.Be1 Qxb6 55.h5 Bd5 56.Bd3 Qc6
57.Qg6+ Kg8  1-0

[Event "It"]
[Site "Soller ESP"]
[Date "2006.02.21"]
[Round "3"]
[White "Mirzoev,A"]
[Black "Berg,E"]
[Result "1-0"]
[WhiteElo "2498"]
[BlackElo "2540"]

1.d4 e6 2.Nf3 Nf6 3.c4 b6 4.a3 Ba6 5.e3 d5 6.Nbd2 Be7 7.b4 O-O 8.Be2 c5 9.bxc5 bxc5
10.O-O Nbd7 11.cxd5 Bxe2 12.Qxe2 Nxd5 13.Bb2 Rb8 14.Nc4 Qc8 15.dxc5 Qa6 16.c6 N7b6
17.Nfd2 Rbc8 18.Qg4 Nf6 19.Qf4 Rxc6 20.Nxb6 Rxb6 21.Bd4 Rb5 22.Qc7 Bd6 23.Qxa7 Rh5
24.h3 Qd3 25.Bxf6 gxf6 26.Rfd1 Qg6 27.Nf3 Bc5 28.Qc7 Rxh3 29.Qxc5 Rxf3 30.a4 Rf5
31.Qc6 Ra5 32.Rd4 Kh8 33.Rad1 Rg8 34.g3 Rg5 35.Qf3 Rf5 36.Rf4 Rxf4 37.Qxf4 Ra8
38.Ra1 Qg5 39.Qf3 Ra5 40.Qc6 Kg7 41.Rc1 Qd5 42.Qxd5 exd5 43.Ra1 Kg6 44.Kf1 Kf5
45.Ke2 d4 46.exd4 Ke4 47.d5 Kxd5 48.Kd3 f5 49.Ke3 Ke5 50.f4+ Kd5 51.Rd1+ Kc6
52.Rd4 Ra8 53.Rc4+ Kd5 54.Rb4 f6 55.Rb5+ Kc4 56.Rxf5 Rxa4 57.Rxf6 Ra3+ 58.Kf2 Kd4
59.Kg2 Ke4 60.Kh3 Kf3 61.Rb6 Kf2 62.Rb2+ Kf3 63.Kh4 Ra6 64.Rb3+ Ke4 65.Kh5 Kf5
66.Rb5+ Kf6 67.Kh6 Ra3 68.g4 Rh3+ 69.Rh5 Rg3 70.g5+ Kf5 71.Kxh7 Kg4 72.Rh6 Kxf4
73.g6  1-0

[Event "It"]
[Site "Soller ESP"]
[Date "2006.02.25"]
[Round "9"]
[White "Mirzoev,A"]
[Black "Carlsson,P"]
[Result "1/2-1/2"]
[WhiteElo "2498"]
[BlackElo "2430"]

1.d4 Nf6 2.Nf3 e6 3.c4 b6 4.a3 Ba6 5.e3 d5 6.Nbd2 c5 7.cxd5 Bxf1 8.Nxf1 Qxd5
9.dxc5 Qxd1+ 10.Kxd1 Bxc5 11.Ke2 Nbd7 12.Bd2 Ne4 13.Be1 Be7 14.N1d2 Nxd2
15.Bxd2 Bf6 16.Rab1 O-O  1/2-1/2

[Event "TCh-CZE Extraliga 2005-6"]
[Site "Czech Rep CZE"]
[Date "2006.02.26"]
[Round "9"]
[White "Vechet,S"]
[Black "Ruzicka,P"]
[Result "0-1"]
[WhiteElo "2262"]
[BlackElo "2293"]

1.d4 Nf6 2.Nf3 e6 3.c4 b6 4.a3 c5 5.d5 Ba6 6.b3 exd5 7.cxd5 d6 8.Nc3 g6 9.Bb2 Bg7
10.e3 Bxf1 11.Kxf1 O-O 12.h3 Re8 13.Qe2 a6 14.a4 Nbd7 15.g3 Nh5 16.Kg2 f5
17.Qc4 Ne5 18.Nxe5 Bxe5 19.Nd1 Qg5 20.Bxe5 Rxe5 21.h4 Qe7 22.Nc3 Nf6 23.Rhe1 Ng4
24.Qd3 Qf7 25.Rad1 Re7 26.Nb1 Ne5 27.Qe2 b5 28.axb5 axb5 29.Nc3 Rb7 30.Nxb5 Qd7
31.Nc3 Rxb3 32.Qc2 Qb7 33.Rb1 Rb4 34.e4 Rf8 35.Na2 Rxb1 36.Rxb1 Qf7 37.Nc3 f4
38.Rg1 fxg3 39.fxg3 Qf3+ 40.Kh3 Nd3 41.Kh2 Qe3 42.Rg2 Ne1  0-1

[Event "III GM-Tage"]
[Site "Pulvermuehle GER"]
[Date "2006.02.28"]
[Round "4"]
[White "Bezold,M"]
[Black "Atlas,V"]
[Result "1-0"]
[WhiteElo "2534"]
[BlackElo "2480"]

1.d4 e6 2.Nf3 Nf6 3.c4 b6 4.a3 Bb7 5.Nc3 g6 6.Qd3 Bg7 7.e4 O-O 8.e5 Ne8 9.h4 d6
10.h5 dxe5 11.hxg6 fxg6 12.Ng5 Qxd4 13.Qg3 Nf6 14.Nxe6 Ne4 15.Nxe4 Qxe4+
16.Be3 Nc6 17.O-O-O Nd4 18.Bxd4 exd4 19.Nxg7 Qf4+ 20.Qxf4 Rxf4 21.Ne6 Rxf2
22.Nxd4 Bxg2 23.Bxg2 Rxg2 24.Rd2 Rxd2 25.Kxd2 Rd8 26.Ke3 a6 27.b4 Re8+ 28.Kf4 c5
29.bxc5 bxc5 30.Nb3 Kg7 31.Rc1 Rf8+ 32.Ke5 Rf5+ 33.Kd6 Rf6+ 34.Kxc5 h5 35.Kd5 g5
36.c5 Kg6 37.c6 Rf8 38.Nd4 g4 39.c7 Rc8 40.Ke5 g3 41.Nf5 Re8+ 42.Kf4 g2 43.c8=Q  1-0